[Event "ROU-chT Men Superliga 2018"]
[Site "Sovata"]
[Date "2018.11.24"]
[Round "1.18"]
[White "Scripcaru, George-Daniel"]
[Black "Nanu, Costica-Ciprian"]
[Result "0-1"]
[WhiteElo "2176"]
[BlackElo "2505"]
[Annotator "ChessBase"]
[PlyCount "100"]
[EventDate "2018.11.24"]
[EventType "team-tourn"]
[EventCountry "ROU"]
[SourceTitle "playchess.com"]
[Source "ChessBase"]
[SourceQuality "1"]
[TimeControl "40/5400+30:1800+30"]

1. Nf3 {[%emt 0:00:00]} Nf6 {[%emt 0:00:00]} 2. g3 {[%emt 0:00:00]} d5 {[%emt 0:00:00]} 3. Bg2 {[%emt 0:00:12]} c6 {[%emt 0:00:00]} 4. c4 {[%emt 0:00:05]} g6 {[%emt 0:00:21]} 5. b3 {[%emt 0:07:13]} Bg7 {[%emt 0:00:10]} 6. Bb2 {[%emt 0:00:02]} O-O {[%emt 0:00:06]} 7. O-O {[%emt 0:00:07]} a5 {[%emt 0:00:23]} 8. d3 {[%emt 0:03:47]} a4 {[%emt 0:02:00]} 9. cxd5 {[%emt 0:15:45]} Nxd5 {[%emt 0:01:27]} 10. Bxg7 {[%emt 0:00:13]} Kxg7 {[%emt 0:00:04]} 11. Na3 {[%emt 0:03:20]} Na6 {[%emt 0:02:56]} 12. Qc1 {[%emt 0:03:42]} axb3 {[%emt 0:19:55]} 13. axb3 {[%emt 0:00:16]} f6 {[%emt 0:03:19]} 14. Nc4 {[%emt 0:02:50]} Be6 {[%emt 0:02:25]} 15. Qb2 {[%emt 0:06:09]} Ndb4 {[%emt 0:04:50]} 16. Ng5 {[%emt 0:05:47]} Bg8 {[%emt 0:01:17]} 17. Ne4 {[%emt 0:00:13]} Nd5 {[%emt 0:10:49]} 18. h4 {[%emt 0:04:00]} Ndc7 {[%emt 0:04:43]} 19. Rfd1 {[%emt 0:13:22]} Nb5 {[%emt 0:03:53]} 20. d4 {[%emt 0:03:58]} Nb4 {[%emt 0:03:34]} 21. Rxa8 {[%emt 0:03:14]} Qxa8 {[%emt 0:00:08]} 22. Ra1 {[%emt 0:05:04]} Qd8 {[%emt 0:01:33]} 23. e3 {[%emt 0:02:12]} Nd5 {[%emt 0:00:21]} 24. Nc5 {[%emt 0:00:31]} b6 {[%emt 0:06:13]} 25. Nd3 {[%emt 0:03:43]} Qb8 {[%emt 0:01:02]} 26. Rc1 {[%emt 0:02:13]} Rd8 {[%emt 0:01:18]} 27. Na3 {[%emt 0:03:18]} Na7 {[%emt 0:02:37]} 28. e4 {[%emt 0:00:34]} Nc7 {[%emt 0:00:14]} 29. Nb4 {[%emt 0:03:10]} c5 {[%emt 0:00:42]} 30. Nbc2 {[%emt 0:01:05]} cxd4 {[%emt 0:07:16]} 31. Nxd4 {[%emt 0:00:13]} Ne6 {[%emt 0:00:12]} 32. Nxe6+ {[%emt 0:02:19]} Bxe6 {[%emt 0:01:33]} 33. Nc4 {[%emt 0:00:06]} Nc6 {[%emt 0:01:50]} 34. Qa3 {[%emt 0:02:53]} Rd7 {[%emt 0:03:26]} 35. Kh2 {[%emt 0:01:06]} Bxc4 {[%emt 0:00:34]} 36. Rxc4 {[%emt 0:01:52]} Ne5 {[%emt 0:00:04]} 37. Rc1 {[%emt 0:01:20]} Ra7 {[%emt 0:00:14]} 38. Rc8 {[%emt 0:01:36]} Ng4+ {[%emt 0:01:02]} 39. Kg1 {[%emt 0:00:26]} Rxa3 {[%emt 0:02:38]} 40. Rxb8 {[%emt 0:00:00]} Rxb3 {[%emt 0:00:00]} 41. Bh3 {[%emt 0:01:01]} h5 {[%emt 0:00:24]} 42. Bxg4 {[%emt 0:01:34]} hxg4 {[%emt 0:00:15]} 43. Kf1 {[%emt 0:00:18]} Rb2 {[%emt 0:00:06]} 44. Rc8 {[%emt 0:01:05]} Kf7 {[%emt 0:00:29]} 45. e5 {[%emt 0:00:36]} f5 {[%emt 0:03:47]} 46. Rc6 {[%emt 0:00:06]} b5 {[%emt 0:00:05]} 47. Rb6 {[%emt 0:00:05]} b4 {[%emt 0:00:04]} 48. Kg2 {[%emt 0:01:28]} Rb1 {[%emt 0:00:22]} 49. Kh2 {[%emt 0:00:13]} b3 {[%emt 0:00:04]} 50. Kg2 {[%emt 0:00:06]} e6 {[%emt 0:00:59]} 0-1

[Event "ROU-chT Men Superliga 2018"]
[Site "Sovata"]
[Date "2018.11.24"]
[Round "1.19"]
[White "Vavric, Pavel"]
[Black "Erdos, Viktor"]
[Result "0-1"]
[WhiteElo "2351"]
[BlackElo "2604"]
[Annotator "TA"]
[PlyCount "66"]
[EventDate "2018.11.24"]
[EventType "team-tourn"]
[EventCountry "ROU"]
[SourceTitle "playchess.com"]
[Source "ChessBase"]
[SourceQuality "1"]

{[%evp 27,66,0,0,-15,0,-12,0,-14,0,0,0,0,15,-13,25,16,55,-4,0,-35,-34,-14,0,0,0,0,0,-161,-109,-261,-281,-404,-399,-528,-538,-641,-641,-811,-806,-790,-764]} 1. e4 e5 2. Nf3 Nc6 3. Bb5 a6 4. Ba4 Nf6 5. O-O b5 6. Bb3 Bc5 7. c3 d6 8. d4 Bb6 9. a4 Rb8 10. a5 {C78: Ruy Lopez: Archangelsk and Möller Defences} Ba7 11. Be3 Bg4 12. dxe5 Bxf3 13. Qxf3 Nxe5 14. Qe2 Bxe3 {LiveBook: 3 Games} 15. Qxe3 O-O 16. Nd2 Re8 {[#]} 17. Rfe1 $146 ({Predecessor:} 17. f3 c5 {0-1 (42) Najer,E (2681)-Shirov,A (2730) Germany 2010}) 17... c5 18. f4 Nc6 {[%cal Be5c6,Bc6a5,Ba5c4,Bc4b2][%mdl 32]} 19. Bc2 Nxa5 20. Qh3 g6 21. Nf3 Nh5 22. f5 (22. Ng5 $1 $14) 22... Nc4 $11 23. g4 Nf6 $1 24. Rxa6 Ra8 $36 {[%mdl 2048] Black fights for an advantage.} 25. Rxa8 Qxa8 26. Qh4 $1 {[%cal Rh4f6]} Qd8 ({Avoid the trap} 26... Nxe4 $2 27. Bxe4 Rxe4 28. Rxe4 $18) 27. Bb3 $2 (27. Bd3 $11 {and White stays safe.}) 27... Nxb2 $19 28. e5 $2 {[#]} (28. Bc2 $17 {is a better defense.}) 28... dxe5 $1 29. fxg6 (29. g5 {was necessary.} Nd5 30. Nxe5) 29... hxg6 30. g5 Nh5 {Black is clearly winning.} 31. Nxe5 c4 32. Bc2 Qd2 {[%mdl 64] [#] Double Attack} 33. Qf2 Qxg5+ {[%mdl 64] Double Attack. Accuracy: White = 32%, Black = 55%.} 0-1

[Event "ROU-chT Men Superliga 2018"]
[Site "Sovata"]
[Date "2018.11.24"]
[Round "1.20"]
[White "Georgescu, Tiberiu-Marian"]
[Black "Ogleznev, Alexandr"]
[Result "1-0"]
[WhiteElo "2505"]
[BlackElo "2333"]
[Annotator "TA"]
[PlyCount "73"]
[EventDate "2018.11.24"]
[EventType "team-tourn"]
[EventCountry "ROU"]
[SourceTitle "playchess.com"]
[Source "ChessBase"]
[SourceQuality "1"]

{[%evp 22,73,44,40,45,57,62,57,58,40,61,60,58,17,55,56,55,57,52,56,62,56,68,55,87,81,161,129,164,154,264,264,278,284,279,275,278,278,260,245,252,257,227,228,333,302,595,585,597,595,579,560,688,693]} 1. d4 Nf6 2. Nf3 e6 3. c4 d5 4. Nc3 Be7 5. Bf4 O-O 6. e3 c5 7. dxc5 Bxc5 8. Qc2 Nc6 9. a3 Qa5 10. Nd2 Be7 11. Be2 {D37: Queen's Gambit Declined: 5 Bf4} (11. Rd1 e5 12. Nb3 Qb6 13. Bg5 Bg4 14. f3 dxc4 15. Bxc4 Bh5 16. e4 Rfd8 17. Bxf6 Rxd1+ 18. Qxd1 Bxf6 19. Nd5 Qd8 20. Kf2 Be7 {½-½ (48) Nyzhnyk,I (2639)-Tarjan,J (2525) Orlando 2014}) 11... e5 12. Bg3 {LiveBook: 6 Games. aiming for Nb3.} Be6 13. O-O {White is slightly better.} Rac8 $146 ({Predecessor:} 13... d4 14. Nb3 Qb6 15. Na4 Qd8 16. Rad1 g6 17. exd4 exd4 18. Nac5 Bf5 {½-½ (38) Ferre Perez,A (2118)-Tanis,C (2214) ICCF email 2016}) 14. cxd5 Nxd5 15. Nc4 Qc7 16. Nxd5 Bxd5 17. Rfd1 Bxc4 18. Qxc4 Bf6 19. Rac1 $36 {[%mdl 2048] Black is under pressure.} Qb6 20. Bg4 Rcd8 21. b4 Rxd1+ 22. Bxd1 a6 23. Bf3 Ne7 (23... g6 $16 {might work better.}) 24. h3 Nf5 {[#]} 25. Bh2 $1 a5 {[#]} (25... Nd6 $16 {was called for.} 26. Qd5 a5 27. Qxa5 (27. bxa5 Qb2 $16) 27... Qxa5 28. bxa5 g6) 26. Qc5 $1 $18 {[%cal Rc5b6]} Bd8 27. Qxb6 ({Much less strong is} 27. Qxe5 $6 Nh4 $18) 27... Bxb6 28. bxa5 ({Resist} 28. Bxb7 $6 axb4 29. axb4 Rd8 $18) 28... Bxa5 29. Bxe5 b6 30. Rc7 f6 31. Bd5+ Kh8 32. Bb2 h5 (32... Rd8 {is a better defense.} 33. e4 h6) 33. e4 Nd6 $2 (33... Rd8 34. g3 Be1) 34. e5 {White is clearly winning.} Nb5 {[#]} 35. exf6 $1 {[%mdl 512]} gxf6 36. Rc6 Kg7 37. a4 {Accuracy: White = 95%, Black = 34%.} 1-0

[Event "ROU-chT Men Superliga 2018"]
[Site "Sovata"]
[Date "2018.11.24"]
[Round "1.21"]
[White "Patrascu, Catalin-Lucian"]
[Black "Murariu, Andrei"]
[Result "0-1"]
[WhiteElo "2268"]
[BlackElo "2511"]
[Annotator "TA"]
[PlyCount "50"]
[EventDate "2018.11.24"]
[EventType "team-tourn"]
[EventCountry "ROU"]
[SourceTitle "playchess.com"]
[Source "ChessBase"]
[SourceQuality "1"]

{[%evp 11,50,37,32,0,0,14,4,-7,50,56,50,56,52,47,54,58,75,69,99,75,73,76,45,44,58,26,30,21,93,94,245,145,158,112,110,-8,-16,-436,-434,-426,-356]} 1. Nf3 d5 2. g3 Nf6 3. Bg2 c6 4. O-O Bf5 5. d3 h6 6. c4 dxc4 {LiveBook: 82 Games. A07: Réti Opening: New York and Capablanca Systems} (6... Nbd7 7. cxd5 cxd5 8. Nc3 e6 9. e4 dxe4 10. dxe4 Bxe4 11. Nxe4 Nxe4 12. Qe2 Nef6 13. Rd1 Qb6 14. b4 Qxb4 {½-½ (28) Ipatov,A (2650)-Belous,V (2558) Middleton 2018}) 7. e4 Bg4 8. e5 Nfd7 {The position is equal.} 9. dxc4 Bxf3 (9... g5 $11) 10. Qxf3 $14 {And now e6! would win.} Nxe5 {[%mdl 64] [#] Double Attack} 11. Qe2 Ned7 12. Rd1 {[%mdl 1024] White has compensation.} e6 13. Nc3 Be7 14. Bf4 $146 ({Predecessor:} 14. Qg4) 14... Qb6 15. Rd2 $36 {[%mdl 2048] White has strong initiative.} O-O 16. Rad1 Nf6 17. Be5 Na6 18. Ne4 (18. a3 $5 {[%cal Rb2b4]}) 18... Nxe4 19. Bxe4 {aiming for Rd7.} Rfd8 (19... Rad8 $11) 20. Rd7 $16 Qc5 $2 (20... Kf8 $16) 21. Bb1 (21. Qh5 Rxd7 22. Rxd7 Rd8 $17) (21. a3 $18) 21... Kf8 22. Qe4 {Intending Qh7 and mate.} ({Inferior is} 22. Qh5 f6 $15) 22... g6 23. Qf4 (23. a3 $16) 23... Ke8 $11 24. R7d2 $4 {[%mdl 8192] [#]} (24. b4 $2 Rxd7 25. Rxd7 Qxb4 $19) (24. R7d3 $11 {and White is okay.}) 24... Rxd2 $1 $19 {[%mdl 64] Overworked Piece} 25. Qxd2 Qxe5 {Accuracy: White = 37%, Black = 62%.} 0-1

[Event "ROU-chT Men Superliga 2018"]
[Site "Sovata"]
[Date "2018.11.24"]
[Round "1.22"]
[White "Grigore, George-Gabriel"]
[Black "Luncasu, Raul-Ionut"]
[Result "1-0"]
[WhiteElo "2488"]
[BlackElo "2187"]
[Annotator "ChessBase"]
[PlyCount "78"]
[EventDate "2018.11.24"]
[EventType "team-tourn"]
[EventCountry "ROU"]
[SourceTitle "playchess.com"]
[Source "ChessBase"]
[SourceQuality "1"]
[TimeControl "40/5400+30:1800+30"]

1. d4 {[%emt 0:00:00]} d5 {[%emt 0:00:00]} 2. c4 {[%emt 0:00:00]} c6 {[%emt 0:00:18]} 3. Nf3 {[%emt 0:01:03]} Nf6 {[%emt 0:00:26]} 4. Nc3 {[%emt 0:00:09]} dxc4 {[%emt 0:04:45]} 5. a4 {[%emt 0:00:21]} Na6 {[%emt 0:01:51]} 6. e4 {[%emt 0:01:28]} Bg4 {[%emt 0:02:21]} 7. Bxc4 {[%emt 0:00:19]} Bxf3 {[%emt 0:01:11]} 8. gxf3 {[%emt 0:00:42]} e6 {[%emt 0:01:03]} 9. O-O {[%emt 0:02:07]} Be7 {[%emt 0:13:12]} 10. Kh1 {[%emt 0:01:49]} O-O {[%emt 0:20:27]} 11. Rg1 {[%emt 0:01:28]} Kh8 {[%emt 0:03:11]} 12. f4 {[%emt 0:12:25]} g6 {[%emt 0:01:55]} 13. Be3 {[%emt 0:04:58]} Nc7 {[%emt 0:04:45]} 14. Qf3 {[%emt 0:06:27]} Nce8 {[%emt 0:02:35]} 15. Rgd1 {[%emt 0:07:22]} Ng7 {[%emt 0:07:12]} 16. d5 {[%emt 0:10:20]} cxd5 {[%emt 0:01:25]} 17. exd5 {[%emt 0:00:35]} Qc7 {[%emt 0:04:49]} 18. b3 {[%emt 0:02:20]} exd5 {[%emt 0:04:07]} 19. Nxd5 {[%emt 0:00:35]} Nxd5 {[%emt 0:00:15]} 20. Bxd5 {[%emt 0:00:11]} Nf5 {[%emt 0:02:43]} 21. Rac1 {[%emt 0:04:05]} Qa5 {[%emt 0:01:00]} 22. Bxb7 {[%emt 0:02:28]} Rad8 {[%emt 0:01:17]} 23. Bd5 {[%emt 0:17:11]} Nxe3 {[%emt 0:02:48]} 24. fxe3 {[%emt 0:00:18]} Kg7 {[%emt 0:04:40]} 25. e4 {[%emt 0:01:10]} Rc8 {[%emt 0:00:52]} 26. Bc4 {[%emt 0:07:56]} Rcd8 {[%emt 0:01:25]} 27. Rd5 {[%emt 0:01:56]} Rxd5 {[%emt 0:01:06]} 28. Bxd5 {[%emt 0:00:18]} Qd8 {[%emt 0:04:54]} 29. Qc3+ {[%emt 0:03:51]} Kg8 {[%emt 0:01:24]} 30. Qc7 {[%emt 0:02:58]} Bd6 {[%emt 0:02:59]} 31. Bxf7+ {[%emt 0:01:16]} Kg7 {[%emt 0:01:06]} 32. Qxd8 {[%emt 0:02:36]} Rxd8 {[%emt 0:00:01]} 33. e5 {[%emt 0:02:41]} Bxe5 {[%emt 0:02:14]} 34. fxe5 {[%emt 0:00:12]} Kxf7 {[%emt 0:00:00]} 35. Rc7+ {[%emt 0:00:21]} Ke6 {[%emt 0:00:39]} 36. Rxa7 {[%emt 0:01:01]} Rb8 {[%emt 0:00:21]} 37. a5 {[%emt 0:00:53]} Rxb3 {[%emt 0:00:20]} 38. a6 {[%emt 0:00:13]} Ra3 {[%emt 0:00:44]} 39. Ra8 {[%emt 0:00:20]} Kd5 1-0

[Event "ROU-chT Men Superliga 2018"]
[Site "Sovata"]
[Date "2018.11.24"]
[Round "1.23"]
[White "Popescu, Daniel-Vasilica"]
[Black "Szabo, Attila"]
[Result "1/2-1/2"]
[WhiteElo "2131"]
[BlackElo "2263"]
[Annotator "NA"]
[PlyCount "84"]
[EventDate "2018.11.24"]
[EventType "team-tourn"]
[EventCountry "ROU"]
[SourceTitle "playchess.com"]
[Source "ChessBase"]
[SourceQuality "1"]
[TimeControl "40/5400+30:1800+30"]

1. e4 {[%emt 0:00:00]} e5 {[%emt 0:00:15]} 2. Nf3 {[%emt 0:00:07]} Nc6 {[%emt 0:00:46]} 3. Bc4 {[%emt 0:00:05]} Be7 {[%emt 0:00:29]} 4. c3 {[%emt 0:03:19]} Nf6 {[%emt 0:00:28]} 5. d3 {[%emt 0:01:09]} O-O {[%emt 0:00:16]} 6. O-O {[%emt 0:00:24]} d6 {[%emt 0:06:10]} 7. Re1 {[%emt 0:04:34]} a6 {[%emt 0:00:40]} 8. a4 {[%emt 0:00:35]} h6 {[%emt 0:03:29]} 9. Nbd2 {[%emt 0:09:40]} Rb8 {[%emt 0:04:40]} 10. b4 {[%emt 0:05:15]} Nh7 {[%emt 0:08:17]} 11. Nf1 {[%emt 0:06:43]} Ng5 {[%emt 0:00:21]} 12. Ne3 {[%emt 0:02:27]} Nxf3+ {[%emt 0:05:18]} 13. Qxf3 {[%emt 0:03:30]} Bg5 {[%emt 0:00:27]} 14. g4 {[%emt 0:21:35]} Ne7 {[%emt 0:06:45]} 15. Nf5 {[%emt 0:10:30]} Ng6 {[%emt 0:00:37]} 16. Qg3 {[%emt 0:10:01]} Be6 {[%emt 0:08:02]} 17. Bxg5 {[%emt 0:10:03]} hxg5 {[%emt 0:01:41]} 18. Ba2 {[%emt 0:03:09]} Nf4 {[%emt 0:01:33]} 19. Qe3 {[%emt 0:01:57]} Qf6 {[%emt 0:04:56]} 20. f3 {[%emt 0:02:30]} Bxf5 {[%emt 0:11:25]} 21. gxf5 {[%emt 0:00:57]} g6 {[%emt 0:02:06]} 22. fxg6 {[%emt 0:00:59]} Qxg6 {[%emt 0:00:17]} 23. Kf2 {[%emt 0:01:04]} Qh5 {[%emt 0:02:14]} 24. Kg1 {[%emt 0:00:19]} Kg7 {[%emt 0:00:26]} 25. Bb3 {[%emt 0:00:17]} Rh8 {[%emt 0:05:17]} 26. Ra2 {[%emt 0:00:06]} Rh6 {[%emt 0:00:12]} 27. d4 {[%emt 0:01:04]} Rbh8 {[%emt 0:00:42]} 28. dxe5 {[%emt 0:00:26]} dxe5 {[%emt 0:00:08]} 29. Rd2 {[%emt 0:00:37]} g4 {[%emt 0:09:35]} 30. fxg4 {[%emt 0:00:26]} Qxg4+ {[%emt 0:00:07]} 31. Qg3 {[%emt 0:00:07]} Qxg3+ {[%emt 0:04:35]} 32. hxg3 {[%emt 0:00:07]} Rh1+ {[%emt 0:00:24]} 33. Kf2 {[%emt 0:00:06]} R8h2+ {[%emt 0:00:36]} 34. Kf3 {[%emt 0:00:15]} Rxd2 {[%emt 0:00:47]} 35. Rxh1 {[%emt 0:00:15]} Rd3+ {[%emt 0:00:20]} 36. Kg4 {[%emt 0:00:42]} Ne2 {[%emt 0:04:15]} 37. Bc4 {[%emt 0:01:01]} Re3 {[%emt 0:01:22]} 38. Bxe2 {[%emt 0:00:54]} Rxe2 {[%emt 0:00:57]} 39. Kf5 {[%emt 0:00:32]} Rc2 {[%emt 0:01:14]} 40. g4 {[%emt 0:00:00]} Rxc3 {[%emt 0:00:00]} 41. Kxe5 {[%emt 0:01:28]} Rc4 {[%emt 0:00:56]} 42. Rb1 {[%emt 0:01:00]} b5 {[%emt 0:07:09]} 1/2-1/2

[Event "ROU-chT Men Superliga 2018"]
[Site "Sovata"]
[Date "2018.11.24"]
[Round "1.24"]
[White "Banzea, Alexandru-Bogdan"]
[Black "Dobre, Mihai"]
[Result "1-0"]
[WhiteElo "2313"]
[BlackElo "2104"]
[Annotator "TA"]
[PlyCount "55"]
[EventDate "2018.11.24"]
[EventType "team-tourn"]
[EventCountry "ROU"]
[SourceTitle "playchess.com"]
[Source "ChessBase"]
[SourceQuality "1"]

{[%evp 18,55,29,35,39,29,35,39,34,35,62,69,62,22,66,59,45,21,100,51,105,120,83,6,189,188,193,199,630,607,1118,1097,1078,1067,2250,2014,29996,29997,29998,29999]} 1. e4 c5 2. Nf3 e6 3. d4 cxd4 4. Nxd4 Nf6 5. Nc3 d6 6. g3 {[%cal Bg2g3,Bg3g4,Bg4g5][%mdl 32]} a6 7. Bg2 Be7 8. O-O O-O 9. Be3 Qc7 10. g4 Nfd7 {[%cal Bf6d7,Bd7e5,Be5c4][%mdl 32] B80: Sicilian Scheveningen: 6 g3 and 6 Be3, including English Attack} (10... Re8 11. g5 Nfd7 12. f4 Bf8 13. h4 Nc6 14. h5 Nxd4 15. Qxd4 b5 16. Rad1 Bb7 17. Qd2 Rad8 18. Qf2 {0-1 (36) Muzychuk,M (2554)-Bruzon Batista,L (2666) Gibraltar 2016}) 11. g5 $146 ({Predecessor:} 11. f4 Nb6 12. Qd3 Nc6 13. b3 Nxd4 14. Qxd4 Nd7 15. g5 b5 16. f5 Bb7 17. Bh3 exf5 18. Bxf5 {0-1 (100) Bures,J (2477)-Evtushenko,S (2460) ICCF email 2011}) 11... Ne5 12. f4 Nc4 {White is slightly better.} 13. Bc1 $1 b5 14. b3 Nb6 15. Rf3 Re8 16. Rh3 $36 {[%mdl 2048] White is pushing.} g6 17. Qe1 N8d7 ({Reject} 17... e5 18. Nf5 $14) (17... h5 $11 {keeps the balance.}) 18. Qh4 h5 19. Nce2 Bf8 20. f5 Ne5 $2 (20... exf5 $1 $11 {and Black is okay.} 21. exf5 Bb7) 21. Nf4 {[#] Strongly threatening Nxh5!} exf5 22. exf5 {Nxh5 is the strong threat.} Qc5 $2 (22... Bg7) 23. Be3 $18 {Hoping for Nxh5.} Ng4 24. Nxh5 gxh5 25. Qxh5 {[%csl Gh3][%cal Rh5h8] [#]} Nh6 26. gxh6 {Intending Rg3+ and mate.} Ra7 27. Rg3+ Kh8 28. Qg5 {Accuracy: White = 82%, Black = 32%.} 1-0

[Event "ROU-chT Men Superliga 2018"]
[Site "Sovata"]
[Date "2018.11.24"]
[Round "1.25"]
[White "Shevchenko, Kirill"]
[Black "Kuzubov, Yuriy"]
[Result "1/2-1/2"]
[WhiteElo "2549"]
[BlackElo "2660"]
[Annotator "TA"]
[PlyCount "36"]
[EventDate "2018.11.24"]
[EventType "team-tourn"]
[EventCountry "ROU"]
[SourceTitle "playchess.com"]
[Source "ChessBase"]
[SourceQuality "1"]

{[%evp 19,36,23,31,20,23,23,39,-25,11,2,13,19,25,21,22,13,18,12,17]} 1. e4 e5 2. Nf3 Nc6 3. Bb5 Nf6 4. O-O Nxe4 5. Re1 Nd6 6. Nxe5 Be7 7. Bf1 Nf5 {C67: Ruy Lopez: Berlin Defence: 4 0-0 Nxe4} 8. Nf3 d5 9. d4 O-O 10. g3 Re8 {LiveBook: 11 Games} 11. Bg2 $146 ({Predecessor:} 11. Nc3 Be6 12. Ne2 g5 13. b3 h6 14. h3 Bf6 15. c3 {0-1 (25) Grischuk,A (2766)-Nakamura,H (2769) Paris 2018}) 11... Bf8 12. Rxe8 Qxe8 13. Bf4 ({White should try} 13. Nc3 $14) 13... Qd8 14. c3 Bd6 15. Bxd6 Qxd6 16. Nbd2 Bd7 {The position is equal.} 17. Qf1 Re8 18. Re1 Rxe1 1/2-1/2

[Event "ROU-chT Men Superliga 2018"]
[Site "Sovata"]
[Date "2018.11.24"]
[Round "1.26"]
[White "Baklan, Vladimir"]
[Black "Vedmediuc, Serghei"]
[Result "1-0"]
[WhiteElo "2605"]
[BlackElo "2472"]
[Annotator "TA"]
[PlyCount "99"]
[EventDate "2018.11.24"]
[EventType "team-tourn"]
[EventCountry "ROU"]
[SourceTitle "playchess.com"]
[Source "ChessBase"]
[SourceQuality "1"]

{[%evp 18,99,18,22,53,48,41,39,31,31,39,34,62,67,62,61,54,0,71,41,45,25,68,74,90,89,82,19,41,46,72,82,139,60,64,55,55,31,27,18,35,43,44,11,18,25,45,46,76,90,141,49,41,56,37,37,289,210,687,586,965,933,1297,220,566,579,570,552,559,549,708,722,612,579,812,797,853,808,1622,660,29991,29992,29997,29998]} 1. e4 c5 2. Nf3 e6 3. d4 cxd4 4. Nxd4 Nc6 5. Nc3 Qc7 6. Qd3 {B47: Sicilian: Taimanov: 5 Nc3 Qc7 6 f4, 6 g3 and 6 Be2} (6. g3 a6 7. Bg2 Nf6 8. O-O Be7 9. Re1 O-O 10. Nxc6 dxc6 11. e5 Rd8 12. Qf3 Nd5 13. h4 Nxc3 14. Qxc3 Bd7 15. Be3 c5 16. Rad1 Rac8 17. h5 Bc6 18. Rxd8+ Qxd8 19. Qc4 b5 20. Qf1 Bxg2 21. Qxg2 Qd5 22. Qxd5 exd5 {½-½ (44) Saric,I (2690)-Adhiban,B (2671) Linares 2018}) 6... Nf6 7. Ndb5 Qb8 8. Qg3 d6 9. Be3 a6 10. Nd4 {LiveBook: 31 Games} e5 11. Nb3 Be6 $146 ({Predecessor:} 11... b5 12. O-O-O Be6 13. Be2 Qb7 {1-0 (29) Vrolijk,L (2332)-Gerlagh,J (2269) Groningen 2016}) 12. O-O-O Qc7 13. Kb1 Rc8 14. f3 b5 15. Qf2 h5 16. Bg5 Nh7 17. Be3 (17. h4 {is more complex.} Nxg5 18. hxg5 Be7 19. Nd5 Qd7 20. Nxe7 Qxe7 21. c3) 17... Nf6 $1 18. h4 Be7 19. Bg5 O-O 20. Nd5 Bxd5 21. exd5 Na5 22. Bd3 (22. Nxa5 $16 Qxa5 23. Be3) 22... Nc4 $1 $11 23. Qe2 e4 24. fxe4 Ng4 {[#]} (24... Rfe8 $142) 25. c3 (25. Bxc4 $1 $16 {Black must now prevent Bd3.} bxc4 26. Nd4) 25... Bxg5 26. hxg5 g6 $1 27. Nd4 Qe7 28. Nf3 Nce5 29. Rhf1 Rb8 30. Qd2 Rfe8 31. Rde1 $36 {[%mdl 2048] White is more active.} a5 32. Nd4 Qd7 33. Be2 Rec8 ({Better is} 33... Nc4 34. Bxc4 bxc4) 34. Bxg4 (34. Rc1 $16) 34... Qxg4 $14 35. Nc6 Nxc6 36. dxc6 Rc7 $2 {[%mdl 8192]} ({Black should try} 36... Rxc6 $14 37. Rxf7 {[%mdl 64] Decoy} Kxf7 38. Qd5+ {[%mdl 64] Double Attack} Ke7 39. Qxc6 Qc8) 37. Rf6 $18 b4 $2 (37... Re8 38. Rxd6 Qh4) 38. cxb4 Rxb4 39. Rxd6 {Intending Rd8+ and mate.} Rxe4 {[#]} 40. Rc1 $2 (40. Rxg6+ $1 {[%mdl 512]} Kh7 (40... fxg6 41. Qd8+) 41. Rh6+ Kg7 42. Qc3+ Rd4 43. Qc2) 40... Kh7 $2 (40... Qf5 41. Ka1 Kh7) 41. Qxa5 Ree7 42. Qd5 Qf4 43. Rf6 Qg3 44. a3 Kg7 45. Rcf1 Qe3 46. Ka2 Ra7 47. R1f3 Qg1 48. Rd6 (48. Qd8 $142 h4 49. R3f4 Rxa3+ 50. bxa3 (50. Kxa3 Qa1+ 51. Kb3 Re3+ 52. Kb4 Qxb2+ 53. Kc5 Rc3+ 54. Kd6 Qa3+ 55. Kc7 Qa5+ 56. Kc8 Qa8+ {[%mdl 64] Double Attack} 57. Kc7 Qa7+ 58. Kc8 Qa8+ {[%mdl 64] Double Attack} 59. Kc7 Qa7+ 60. Kc8 Qa8+ $11 {[%mdl 64] Double Attack}) 50... Qxg2+ 51. Kb3 Re3+ 52. Kc4 Qc2+ 53. Kb5 Qb2+ 54. Rb4 Qe5+ 55. Ka6 Rxa3+ 56. Kb7) 48... Rac7 49. Rd7 Qa7 {[#]} 50. Rxf7+ $1 {[%mdl 512] Accuracy: White = 61%, Black = 31%.} 1-0

[Event "ROU-chT Men Superliga 2018"]
[Site "Sovata"]
[Date "2018.11.24"]
[Round "1.27"]
[White "Berescu, Alin-Mile"]
[Black "Rogozenco, Dorian"]
[Result "1-0"]
[WhiteElo "2450"]
[BlackElo "2495"]
[Annotator "TA"]
[PlyCount "61"]
[EventDate "2018.11.24"]
[EventType "team-tourn"]
[EventCountry "ROU"]
[SourceTitle "playchess.com"]
[Source "ChessBase"]
[SourceQuality "1"]

{[%evp 30,61,18,10,0,0,0,0,55,56,85,80,84,86,163,164,418,421,476,461,531,491,495,427,861,844,29979,29980,29980,807,29993,29991,29992,29993]} 1. e4 c5 2. Nf3 Nc6 3. d4 cxd4 4. Nxd4 Nf6 5. Nc3 e5 6. Ndb5 d6 7. Bg5 a6 8. Na3 b5 9. Nd5 Be7 10. Bxf6 Bxf6 11. c4 b4 {B33: Sicilian: Pelikan and Sveshnikov Variations} 12. Nc2 O-O 13. h4 (13. g3 Bg5 14. Bg2 a5 15. O-O Ne7 16. Nce3 Bxe3 17. Nxe3 Be6 18. Rc1 Nc6 19. Nf5 {1-0 (54) Harikrishna,P (2744)-Yu,Y (2751) Huaian 2017}) 13... a5 14. g3 Be6 15. Qd2 Bxd5 16. cxd5 {LiveBook: 3 Games} Nb8 17. Ne3 $146 {[%cal Bc2e3,Be3f5,Bf5h6][%mdl 32]} ({Predecessor:} 17. Bb5 Nd7 18. Ne3 Nc5 19. f3 {1-0 (37) Dimitrova,A (2228)-Hamedi Nia,V (1987) Porto Carras 2018}) 17... Nd7 18. Rc1 Qb8 ({Black should try} 18... Nc5 $11) 19. Rc6 $14 Nc5 20. Nf5 b3 21. a3 $36 {[%mdl 2048] White is in control.} Nxe4 (21... Rc8 $16) 22. Qe3 $18 Nc5 $2 {[#]} (22... g6 {might work better.}) 23. Rxd6 Bd8 24. Qxc5 g6 25. Nh6+ Kg7 {intending ...Be7.} 26. Rc6 f5 (26... Qa7 $142 27. Qxa7 Rxa7) 27. h5 {[#] aiming for hxg6.} a4 28. hxg6 hxg6 29. g4 (29. Qe3 $142 Rh8 30. g4 Bf6 31. gxf5 Qa7 32. Qc3 Qa5 33. Qxa5 Rxa5 34. Rc7+ Kf8 35. fxg6) 29... Ra5 30. Qe3 f4 31. Qh3 {Accuracy: White = 86%, Black =  8%.} 1-0